书目信息 |
| 题名: |
新时期我国城乡协调发展理论与实践研究
|
|
| 作者: | 赵宪尧, 编著 | |
| 分册: | ||
| 出版信息: | 武汉 华中科技大学出版社 2020.12 |
|
| 页数: | 2册 (178, 137页) | |
| 开本: | 24cm | |
| 丛书名: | 中国城市建设技术文库 | |
| 单 册: | ||
| 中图分类: | F299.276 | |
| 科图分类: | ||
| 主题词: | 城市发展--cheng shi fa zhan--研究--武汉 | |
| 电子资源: | ||
| ISBN: | 978-7-5680-6818-5 | |
| 000 | 01670nam 2200301 450 | |
| 001 | CAL 0120217213282 | |
| 005 | 20210728142226. | |
| 010 | @a978-7-5680-6818-5@dCNY98.00 | |
| 100 | @a20210728d2020 em y0chiy0120 ea | |
| 101 | 0 | @achi |
| 102 | @aCN@b420000 | |
| 105 | @aa a 000yy | |
| 106 | @ar | |
| 200 | 1 | @a新时期我国城乡协调发展理论与实践研究@Axin shi qi wo guo cheng xiang xie tiao fa zhan li lun yu shi jian yan jiu@d= A study on the theory and practice of coordinated development between urban and rural areas in China in the new period@f赵宪尧编著@zeng |
| 210 | @a武汉@c华中科技大学出版社@d2020.12 | |
| 215 | @a2册 (178, 137页)@c图@d24cm | |
| 225 | 2 | @a中国城市建设技术文库@Azhong guo cheng shi jian she ji shu wen ku |
| 300 | @a“十三五”国家重点图书出版规划项目 | |
| 314 | @a赵宪尧, 华中科技大学教授。 | |
| 320 | @a有书目 | |
| 330 | @a本书综合作者主持的“武汉城市圈生态环境与交通基础设施指标监测与评价研究”, “武汉市城乡融合发展体制机制政策研究 (城镇化与规划建设部分) ”“武汉长江新城可持续发展需求与模式研究”“武汉长江新城综合交通体系规划与总体规划同步编制关键技术研究”等四项研究成果, 系统叙述了在我国城市化进程进入新时期所遇到的问题及其解决方法和途径。讲述了我国城乡规划师在新时期城市化进程中的规划实践、理论拓展及对未来我国城乡融合机制的展望。 | |
| 410 | 0 | @12001 @a中国城市建设技术文库 |
| 510 | 1 | @aStudy on the theory and practice of coordinated development between urban and rural areas in China in the new period@zeng |
| 606 | 0 | @a城市发展@Acheng shi fa zhan@x研究@y武汉 |
| 690 | @aF299.276@v5 | |
| 701 | 0 | @a赵宪尧,@Azhao xian yao@f1941-@4编著 |
| 801 | 0 | @aCN@b人天书店@c20210728 |
| 905 | @aTSG@b0000409@dF299.276@eZ338@f2 | |
| 新时期我国城乡协调发展理论与实践研究= A study on the theory and practice of coordinated development between urban and rural areas in China in the new period/赵宪尧编著.-武汉:华中科技大学出版社,2020.12 |
| 2册 (178, 137页):图;24cm.-(中国城市建设技术文库) |
| “十三五”国家重点图书出版规划项目 |
| ISBN 978-7-5680-6818-5:CNY98.00 |
| 本书综合作者主持的“武汉城市圈生态环境与交通基础设施指标监测与评价研究”, “武汉市城乡融合发展体制机制政策研究 (城镇化与规划建设部分) ”“武汉长江新城可持续发展需求与模式研究”“武汉长江新城综合交通体系规划与总体规划同步编制关键技术研究”等四项研究成果, 系统叙述了在我国城市化进程进入新时期所遇到的问题及其解决方法和途径。讲述了我国城乡规划师在新时期城市化进程中的规划实践、理论拓展及对未来我国城乡融合机制的展望。 |
| ● |
| 相关链接 |
|
|
|
正题名:新时期我国城乡协调发展理论与实践研究
索取号:F299.276/Z338
 
预约/预借
| 序号 | 登录号 | 条形码 | 馆藏地/架位号 | 状态 | 备注 |
| 1 | 1530501 | 215305015 | 社科库409/409社科库 32排1列5层/ [索取号:F299.276/Z338] | 在馆 | |
| 2 | 1530502 | 215305024 | 社科库409/409社科库 32排1列5层/ [索取号:F299.276/Z338] | 在馆 |